[Event "Columbus op"]
[Site "Columbus"]
[Date "2017.06.24"]
[Round "2"]
[White "Kelley, Deshawn"]
[Black "Brattain, Mika A"]
[Result "0-1"]
[WhiteElo "2108"]
[BlackElo "2368"]
[PlyCount "62"]
[EventDate "2017.06.23"]
[EventType "swiss"]
[EventRounds "5"]
[EventCountry "USA"]
[SourceTitle "EXT 2023"]
[Source "ChessBase"]
[SourceDate "2022.10.05"]
[SourceVersion "1"]
[SourceVersionDate "2022.10.05"]
[SourceQuality "1"]

1. e4 c6 2. d4 d5 3. exd5 cxd5 4. c4 Nf6 5. Nc3 Nc6 6. Nf3 g6 7. cxd5 Nxd5 8. Qb3 Nxc3 9. Bc4 Nd5 10. Bxd5 e6 11. Bxc6+ bxc6 12. 0-0 Qd5 13. Qc3 f6 14. Be3 Kf7 15. Rfc1 Bb7 16. Qb3 Qxb3 17. axb3 Be7 18. Nd2 g5 19. Ne4 Rhd8 20. Nc5 Bxc5 21. Rxc5 Rd5 22. Rxd5 cxd5 23. b4 a6 24. Rc1 Rc8 25. Rc5 Bc6 26. h3 Ke7 27. f4 h6 28. Kf2 Kd6 29. g3 Rg8 30. Rc1 Bb5 31. Rc3 Bc4 0-1

[Event "Columbus Cardinal op"]
[Site "Columbus"]
[Date "2016.01.29"]
[Round "1"]
[White "Vojinovic, Goran"]
[Black "Kelley, Deshawn"]
[Result "1-0"]
[WhiteElo "2450"]
[BlackElo "2127"]
[PlyCount "55"]
[EventDate "2016.01.29"]
[EventType "swiss"]
[EventRounds "5"]
[EventCountry "USA"]
[SourceTitle "EXT 2023"]
[Source "ChessBase"]
[SourceDate "2022.10.05"]
[SourceVersion "1"]
[SourceVersionDate "2022.10.05"]
[SourceQuality "1"]

1. Nf3 Nf6 2. g3 g6 3. b3 Bg7 4. Bb2 0-0 5. Bg2 d6 6. d4 c6 7. 0-0 Qa5 8. Nbd2 Qh5 9. e4 Bg4 10. Re1 Nfd7 11. Qe2 Na6 12. a3 Nc7 13. Qf1 e5 14. h3 Bxf3 15. Nxf3 exd4 16. Bxd4 Bxd4 17. Nxd4 Qc5 18. Qd3 Ne6 19. c3 Rad8 20. Red1 Qb6 21. b4 Ne5 22. Qe2 Rfe8 23. Nc2 a6 24. Ne3 Re7 25. Kh1 f6 26. f4 Nf7 27. c4 Rde8 28. Ng4 1-0